Adhunik hindI sahity ki pravrattiyam (Record no. 150760)

MARC details
000 -LEADER
fixed length control field 00822nam a2200277Ia 4500
003 - CONTROL NUMBER IDENTIFIER
control field OSt
005 - DATE AND TIME OF LATEST TRANSACTION
control field 20240416155529.0
008 - FIXED-LENGTH DATA ELEMENTS--GENERAL INFORMATION
fixed length control field 210210b2012 xxu||||| |||| 00| 0 eng d
020 ## - INTERNATIONAL STANDARD BOOK NUMBER
International Standard Book Number 9789380417608
040 ## - CATALOGING SOURCE
Transcribing agency AL
041 ## - LANGUAGE CODE
Language code of text/sound track or separate title Hindi
082 ## - DEWEY DECIMAL CLASSIFICATION NUMBER
Classification number H891.9 PATA
100 ## - MAIN ENTRY--PERSONAL NAME
Personal name PATEL (Bharath)
Dates associated with a name भारत पटेल
9 (RLIN) 160804
245 ## - TITLE STATEMENT
Title Adhunik hindI sahity ki pravrattiyam
Remainder of title आधुनिक हिंदी साहित्य की प्रवृत्तियां
260 ## - PUBLICATION, DISTRIBUTION, ETC.
Place of publication, distribution, etc. Kanpur
Name of publisher, distributor, etc. Aman Prakashan
Date of publication, distribution, etc. 2012
300 ## - PHYSICAL DESCRIPTION
Extent 127
650 ## - SUBJECT ADDED ENTRY--TOPICAL TERM
Topical term or geographic name entry element sAhity
9 (RLIN) 160805
650 ## - SUBJECT ADDED ENTRY--TOPICAL TERM
Topical term or geographic name entry element pravrattiyam
9 (RLIN) 160806
650 ## - SUBJECT ADDED ENTRY--TOPICAL TERM
Topical term or geographic name entry element kI
9 (RLIN) 160807
650 ## - SUBJECT ADDED ENTRY--TOPICAL TERM
Topical term or geographic name entry element hindI
9 (RLIN) 160808
650 ## - SUBJECT ADDED ENTRY--TOPICAL TERM
Topical term or geographic name entry element Adhunik kAl
9 (RLIN) 160809
650 ## - SUBJECT ADDED ENTRY--TOPICAL TERM
Topical term or geographic name entry element Adhunik
9 (RLIN) 160810
690 ## - LOCAL SUBJECT ADDED ENTRY--TOPICAL TERM (OCLC, RLIN)
Topical term or geographic name as entry element Hindi Criticism
9 (RLIN) 160811
906 ## - LOCAL DATA ELEMENT F, LDF (RLIN)
a 067390
942 ## - ADDED ENTRY ELEMENTS (KOHA)
Source of classification or shelving scheme Dewey Decimal Classification
Koha item type Book
Holdings
Withdrawn status Lost status Damaged status Not for loan Collection code Home library Current library Shelving location Date acquired Source of acquisition Cost, normal purchase price Total Checkouts Full call number Barcode Date last seen Price effective from Koha item type
          St Aloysius Library St Aloysius Library   02/17/2021 Bharath Book Mark, Kadri Road, Mangalore-575003 300.00   H891.9 PATA 067390 02/17/2021 02/17/2021 Book